| 000 | 01005cam a2200289 i 4500 | ||
|---|---|---|---|
| 999 |
_c19548 _d19548 |
||
| 001 | 4141512 | ||
| 003 | BDDh-ASL | ||
| 005 | 20231015025804.0 | ||
| 008 | 780321s1978 pau b 001 0 eng | ||
| 010 | _a 77092643 | ||
| 020 |
_a0877221170 : _c$17.50. _a0877221227 _c$9.95 |
||
| 040 |
_aDLC _cDLC _dBDDh-ASL |
||
| 041 | 1 | _aengsan | |
| 050 | 0 | 0 |
_aBL1135 _b.P6213 |
| 082 | 0 | 0 |
_a294.5925 _bCLA |
| 130 | 0 |
_aPuranas. _kSelections. _lEnglish. |
|
| 245 | 1 | 0 |
_aClassical Hindu mythology : _ba reader in the Sanskrit Purāṇas / _cedited and translated by Cornelia Dimmitt and J. A. B. van Buitenen. |
| 260 |
_aPhiladelphia : _bTemple University Press, _cc1978. |
||
| 300 |
_axiii, 373 p. ; _c23 cm. |
||
| 500 | _aIncludes index. | ||
| 504 | _aBibliography: p. 365. | ||
| 650 | 0 |
_92357 _aMythology _xHindu |
|
| 700 | 1 |
_aDimmitt, Cornelia, _d1938- |
|
| 700 | 1 |
_aBuitenen, J. A. B. van _q(Johannes Adrianus Bernardus), _d1928-1979. |
|
| 906 |
_a7 _bcbc _corignew _d1 _eopcn _f19 _gy-gencatlg |
||
| 942 |
_2ddc _cBK |
||